000 00788nam a2200229Ii 4500
003 JO-AjNU
008 230605s9999||||xx |||||||||||||| ||und||
017 _a2012/3/961
020 _a978-9957-30-361-7
040 _aJO-AjNU
_bara
_erda
_cJO-AjNU
041 _aara
050 1 4 _aPJ7505.5.B3.A25 2012
100 3 _aبكار، يوسف,
_eauthor
_945334
245 0 0 _aمعهم مقدمات وندوات وشهادات
250 _aط1
264 3 1 _aعمان: دار فضاءات للنشر والتوزيع والطباعة، 2012
300 _a264ص
336 _atext
_btxt
_2rdacontent
337 _aunmediated
_bn
_2rdamedia
338 _avolume
_bnc
_2rdacarrier
650 4 _aالأدب العربي-تاريخ ونقد-قرن 21-مقالات ومحاضرات-بكار
_945335
999 _aA19643
_c23211
_d23211